Civilization V: Unique Tile Improvements - Statistics

General Stats
  • This quiz has been taken 28 times
  • The average score is 5 of 7
Answer Stats
Civilization Tile improvement Base effect % Correct
France Chateau +1 Gold, +2 Culture, 50% Defense
95%
Polynesia Moai +1 Culture, +1 Culture for adjacent same improvement
90%
Netherlands Polder +3 Food
90%
Brazil Brazilwood Camp +2 Gold
81%
Inca Terrace Farm +1 Food, +1 Food for each adjacent mountain
81%
Morocco Kasbah +1 Food, +1 Production, +1 Gold, 50% Defense
52%
Portugal Feitoria 1 copy of each City State luxury, 50% Defense
43%
No matching quizzes found
Score Distribution
Percent of People with Each Score
Percentile by Number Answered
Your Score History
You have not taken this quiz